000 00642nam a22002057a 4500
005 20140911111653.0
010 _aENG-110809
020 _a9788171327218
_c400.00
035 _aEN-94341
037 _bDBAD/PUB
082 _a631.587
100 _aThokal, R.T.
245 _aDrip irrigation system :
_cby R.T. Thokal, D.M. Mahale [and] A.G.Powar
_bclogging and its prevention /
260 _aJaipur
_bPointer Publishers
_c2012(repr.)
270 _a807, Vyas Building, Chaura Rasta
_bJaipur
_e302003
300 _axi,107p.
_c22cm(Hb)
700 _aMahale, D.M.
700 _aPowar, A.G.
942 _2ddc
_cEN
_mTHO
_h631.587
999 _c88495
_d88495